=LDR 00000nam 2200000 4500 =001 INLIS000000000006462 =005 20130612094610 =008 ***********************************Ind** =035 ##$$0010-061300000006462 =041 ##$$a Ind =082 ##$$a 636.009 =090 ##$$a 636.009, Rek p =100 ##$$a Reksohadiprojo, Sudomo =245 ##$$a Pengembangan peternakan didaerah transmigrasi, Soedomo Reksohadiprodjo =260 ##$$a 1985 $b Yogyakarta =300 ##$$a viii, 153 hlm., Ilus., 21 cm =650 ##$$a Peternakan =850 ##$$a NBPNMAT =990 ##$$a 21602011/BPAP-NTB/2017